000 00384pab a2200157 454500
008 180718b2004 xxu||||| |||| 00| 0 eng d
100 _aDeb Barma, Nanda Kumar
245 _aTribal literature: new challenge of 21st century
260 _c2004
300 _ap.39-42.
362 _aJul-Sep
650 _aTribes - 21st century
650 _aTribes
773 _aTUI
909 _a69664
999 _c69664
_d69664